Standard methods for the examination of water & wastewater. (Record no. 6878)
[ view plain ]
| 000 -LEADER | |
|---|---|
| fixed length control field | 02064cam a2200409 a 4500 |
| 001 - CONTROL NUMBER | |
| control field | 1312177 |
| 003 - CONTROL NUMBER IDENTIFIER | |
| control field | OSt |
| 005 - DATE AND TIME OF LATEST TRANSACTION | |
| control field | 20210414162129.0 |
| 008 - FIXED-LENGTH DATA ELEMENTS--GENERAL INFORMATION | |
| fixed length control field | 060118s2005 dcuac b 001 0 eng d |
| 020 ## - INTERNATIONAL STANDARD BOOK NUMBER | |
| International Standard Book Number | 0875532357 |
| 040 ## - CATALOGING SOURCE | |
| Transcribing agency | DDC |
| 041 0# - LANGUAGE CODE | |
| Language code of text/sound track or separate title | eng |
| 042 ## - AUTHENTICATION CODE | |
| Authentication code | nlmcopyc |
| 082 ## - DEWEY DECIMAL CLASSIFICATION NUMBER | |
| Classification number | 363.7284STA 1984 |
| 245 00 - TITLE STATEMENT | |
| Title | Standard methods for the examination of water & wastewater. |
| Statement of responsibility, etc. | Edited by Andrew D. Eaton ... [et al.] |
| 246 3# - VARYING FORM OF TITLE | |
| Title proper/short title | Standard methods for the examination of water and wastewater |
| 250 ## - EDITION STATEMENT | |
| Edition statement | 20th ed. |
| Remainder of edition statement | prepared and published jointly by American Public Health Association, American Water Works Association, Water Environment Federation ; joint editorial board, Andrew D. Eaton ... [et al.] ; managing editor, Mary Ann H. Franson. |
| 260 ## - PUBLICATION, DISTRIBUTION, ETC. (IMPRINT) | |
| Place of publication, distribution, etc. | Washington, DC : |
| Name of publisher, distributor, etc. | American Public Health Association, |
| Date of publication, distribution, etc. | 1984 |
| 300 ## - PHYSICAL DESCRIPTION | |
| Extent | 1 v. (various pagings) : |
| Other physical details | ill. (some col.), port. ; |
| Dimensions | 29 cm. |
| 336 ## - CONTENT TYPE | |
| Content type term | text |
| Content type code | txt |
| Source | rdacontent |
| 337 ## - MEDIA TYPE | |
| Media type term | unmediated |
| Media type code | n |
| Source | rdamedia |
| 338 ## - CARRIER TYPE | |
| Carrier type term | volume |
| Carrier type code | nc |
| Source | rdacarrier |
| 504 ## - BIBLIOGRAPHY, ETC. NOTE | |
| Bibliography, etc | Includes bibliographical references and index. |
| 505 0# - FORMATTED CONTENTS NOTE | |
| Formatted contents note | Introduction -- Physical and aggregate properties -- Metals -- Inorganic nonmetallic constituents -- Aggregate organic constituents -- Individual organic compounds -- Radioactivity -- Toxicity -- Microbiological examination -- Biological examinations. |
| 650 12 - SUBJECT ADDED ENTRY--TOPICAL TERM | |
| Topical term or geographic name as entry element | Water Supply |
| Authority record control number | https://id.nlm.nih.gov/mesh/D014881 |
| 9 (RLIN) | 14102 |
| 650 12 - SUBJECT ADDED ENTRY--TOPICAL TERM | |
| Topical term or geographic name as entry element | Water |
| General subdivision | analysis |
| Authority record control number | https://id.nlm.nih.gov/mesh/D014867Q000032 |
| 9 (RLIN) | 14103 |
| 650 22 - SUBJECT ADDED ENTRY--TOPICAL TERM | |
| Topical term or geographic name as entry element | Sewage |
| General subdivision | analysis |
| Authority record control number | https://id.nlm.nih.gov/mesh/D012722Q000032 |
| 9 (RLIN) | 14104 |
| 650 22 - SUBJECT ADDED ENTRY--TOPICAL TERM | |
| Topical term or geographic name as entry element | Water Microbiology |
| Authority record control number | https://id.nlm.nih.gov/mesh/D014871 |
| 9 (RLIN) | 14105 |
| 650 22 - SUBJECT ADDED ENTRY--TOPICAL TERM | |
| Topical term or geographic name as entry element | Water Pollution |
| Authority record control number | https://id.nlm.nih.gov/mesh/D014876 |
| 9 (RLIN) | 14106 |
| 700 1# - ADDED ENTRY--PERSONAL NAME | |
| Personal name | Eaton, Andrew D. |
| 9 (RLIN) | 14107 |
| 700 1# - ADDED ENTRY--PERSONAL NAME | |
| Personal name | Franson, M. A. H. |
| 9 (RLIN) | 14108 |
| 710 2# - ADDED ENTRY--CORPORATE NAME | |
| Corporate name or jurisdiction name as entry element | American Public Health Association. |
| 9 (RLIN) | 14109 |
| 710 2# - ADDED ENTRY--CORPORATE NAME | |
| Corporate name or jurisdiction name as entry element | American Water Works Association. |
| 9 (RLIN) | 14110 |
| 710 2# - ADDED ENTRY--CORPORATE NAME | |
| Corporate name or jurisdiction name as entry element | Water Environment Federation. |
| 9 (RLIN) | 14111 |
| 942 ## - ADDED ENTRY ELEMENTS (KOHA) | |
| Source of classification or shelving scheme | Dewey Decimal Classification |
| Koha item type | Open Shelf |
| Withdrawn status | Lost status | Source of classification or shelving scheme | Damaged status | Not for loan | Home library | Current library | Date acquired | Source of acquisition | Inventory number | Total Checkouts | Full call number | Barcode | Date last seen | Price effective from | Koha item type |
|---|---|---|---|---|---|---|---|---|---|---|---|---|---|---|---|
| Dewey Decimal Classification | MUST Main Library | MUST Main Library | 14/04/2021 | purchase | 05/25003 | 363.7284STA 1984 | 2021-0422 | 14/04/2021 | 14/04/2021 | Open Shelf |
